Páramo de Urrao: (Registro nro. 8610)
[ vista simple ]
| 000 -CABECERA | |
|---|---|
| Campo de control | 01002nam a22002177a 4500 |
| 005 - FECHA Y HORA DE LA ULTIMA TRANSACCION | |
| Campo de control | 20150822020003.0 |
| 008 - ELEMENTOS DE LONGITUD FIJA—INFORMACION GENERAL | |
| Campo de control | 140819b xxu||||| |||| 00| 0 ck spa d |
| 041 ## - IDIOMA | |
| Código de idioma para texto/pista de sonido o título separado | Español |
| 044 ## - PAÍS DE PUBLICACIÓN | |
| País de publicación | Colombia |
| 082 ## - NUMERO DE CLASIFICACION DECIMAL DEWEY | |
| Número de clasificación | 333.72 |
| Número del ítem | C82p |
| 110 ## - ASIENTO PRINCIPAL--NOMBRE CORPORATIVO | |
| Nombre corporativo o de jurisdicción como elemento de entrada | Colombia |
| Unidad subordinad | Corporación para el desarrollo sostenible de Uraba--CORPOURABA |
| 245 ## - MENCION DE TITULO | |
| Título | Páramo de Urrao: |
| Parte restante del título | Estudio del Estado Actual (EEAP) y Plan de Manejo del Páramo de Urrao o Páramo del Sol |
| Mención de responsabilidad | Corporación para el desarrollo sostenible de Uraba--CORPOURABA |
| 260 ## - PUBLICACION, DISTRIBUCION, ETC. (PIE DE IMPRENTA) | |
| Lugar de publicación, distribución, etc. | Antioquia |
| Nombre del editor, distribuidor, etc. | Corporación para el desarrollo sostenible de Uraba--CORPOURABA |
| -- | Fundación ProAves |
| Fecha de publicación, distribución, etc. | 2010 |
| 300 ## - DESCRIPCION FISICA | |
| Extensión | 55 p. |
| Otros detalles físicos | Fot (col), tablas, mapas. |
| Dimensiones | 29 cm. |
| 504 ## - NOTA DE BIBLIOGRAFIA, ETC. | |
| Nota de bibliografía | Incluye referencias bibliográficas (pag 54-55) |
| 650 ## - ASIENTO SECUNDARIO DE MATERIA - TERMINO TEMATICO | |
| Término temático o nombre geográfico como elemento de entrada | Páramos |
| Subdivisión general | Conservación de los recursos naturales |
| 650 ## - ASIENTO SECUNDARIO DE MATERIA - TERMINO TEMATICO | |
| Término temático o nombre geográfico como elemento de entrada | Páramos |
| Subdivisión general | Planificación Regional |
| 650 ## - ASIENTO SECUNDARIO DE MATERIA - TERMINO TEMATICO | |
| Término temático o nombre geográfico como elemento de entrada | Páramos |
| Subdivisión general | Aspectos Ambientales |
| 710 ## - ASIENTO SECUNDARIO - NOMBRE CORPORATIVO | |
| Nombre corporativo o de jurisdicción como elemento de entrada | Colombia |
| Unidad subordinada | Fundación ProAves |
| 942 ## - ELEMENTOS ADICIONALES (KOHA) | |
| Sistema de clasificación | Dewey Decimal Classification |
| Tipo de ítem | Libro |
| Koha issues (borrowed), all copies | 1 |
| Withdrawn status | Lost status | Sistema de Clasificación | Damaged status | No para préstamo | Colección | Inventariado | Ubicación Permanente | Ubicación actual | Fecha de adquisición | Fuente de Valor | Valor | Total Checkouts | Número topográfico | Inventario / Código de Barras | Date last seen | Date checked out | Ejemplar | Price effective from | Forma de adquisición | Tipo de material |
|---|---|---|---|---|---|---|---|---|---|---|---|---|---|---|---|---|---|---|---|---|
| Dewey Decimal Classification | General | Inventariado 2017 | Bogotá | Bogotá | 19/08/2014 | Instituto | 39000.00 | 1 | LB-333.72 C82p | 034257 | 21/08/2015 | 21/08/2015 | Ej. 1 | 19/08/2014 | Libro |